El nuevo paradigma de la estabilidad, el crecimiento y la distribución del ingreso / (Registro nro. 8347)
[ vista simple ]
| 000 -LEADER | |
|---|---|
| fixed length control field | 03318nam a2200289Ia 4500 |
| 003 - CONTROL NUMBER IDENTIFIER | |
| control field | OSt |
| 005 - DATE AND TIME OF LATEST TRANSACTION | |
| control field | 20210817155823.0 |
| 008 - FIXED-LENGTH DATA ELEMENTS--GENERAL INFORMATION | |
| fixed length control field | 210310s2005 ck ad gr 000 0dspa d |
| 020 ## - INTERNATIONAL STANDARD BOOK NUMBER | |
| International Standard Book Number | 9580489947 |
| 040 ## - CATALOGING SOURCE | |
| Original cataloging agency | CO-JMCR |
| Transcribing agency | CO-JMCR |
| 041 0# - LANGUAGE CODE | |
| Language code of text/sound track or separate title | spa |
| 082 04 - DEWEY DECIMAL CLASSIFICATION NUMBER | |
| Classification number | 336.02 / |
| Item number | S246n |
| Edition number | 23 |
| 100 1# - MAIN ENTRY--PERSONAL NAME | |
| Personal name | Sarmiento Palacio, Eduardo, |
| 9 (RLIN) | 17005 |
| Relator term | autor |
| 245 13 - TITLE STATEMENT | |
| Title | El nuevo paradigma de la estabilidad, el crecimiento y la distribución del ingreso / |
| Statement of responsibility, etc. | Eduardo Sarmiento Palacio |
| 250 ## - EDITION STATEMENT | |
| Edition statement | Primera edición |
| 260 ## - PUBLICATION, DISTRIBUTION, ETC. | |
| Place of publication, distribution, etc. | Bogotá : |
| Name of publisher, distributor, etc. | Norma : Escuela Colombiana de Ingeniería, |
| Date of publication, distribution, etc. | 2005 |
| 300 ## - PHYSICAL DESCRIPTION | |
| Extent | xvii, 433 páginas : |
| Other physical details | ilustraciones y gráficas a blanco y negro ; |
| Dimensions | 23 cm. |
| 490 0# - SERIES STATEMENT | |
| Series statement | Colección Vitral |
| 500 ## - GENERAL NOTE | |
| General note | Incluye datos biográficos del autor. |
| 504 ## - BIBLIOGRAPHY, ETC. NOTE | |
| Bibliography, etc. note | Bibliografía: páginas 429-433 |
| 505 0# - FORMATTED CONTENTS NOTE | |
| Formatted contents note | La alternativa macroeconómica -- Globalización y ciclos -- Ciclo del producto, proteccionismo e integración -- Complementariedades y desarrollo -- Revolución industria y aprendizaje en el oficio -- Los determinantes de la revolución industrial -- El Alca, en contravía del desarrollo -- Bases para una política industrial -- Educación y mercadeo -- Desempleo y demanda efectiva -- Conciliación del crecimiento y la equidad -- Los derechos fundamentales -- El nuevo paradigma |
| 520 3# - SUMMARY, ETC. | |
| Summary, etc. | Las tesis de Eduardo Sarmiento Palacio, hoy en día, cuentan con el amplio reconocimiento de los hechos. Sus cuestionamientos a los postulados de la teoría neoclásica, que sirvieron de base para consenso de Washington, son aceptados y repetidos por los gestores y autores del experimento.<br/>En trabajos anteriores se aparta de las concepciones tradicionales de mercado y competencia, demuestra que la ley de Say no se cumple en la economía colombiana, y encuentra que los modelos, basados en las realidades propias, constituyen mejores aproximaciones a los comportamientos de los agentes económicos.<br/>En esta obra plantea "un nuevo paradigma, fundamentado en la coordinación macroeconómica, el motor de la industrialización y la conciliación de la eficiencia y la equidad". Con este propósito, el autor tuvo que analizar aspectos cruciales del desarrollo como "el ajuste externo con reactivación, los milagros económicos y la erradicación estructural de la pobreza".<br/>Se destacan aquí el planteamiento sobre un nuevo banco central, que estaría en capacidad de ajustar el sector externo, reactivar la producción e incluso reducir el déficit fiscal; la teoría que ubica a la industria -por sus complementariedades, el aprendizaje en el oficio y las economías de escala, entre otros factores- como motor de crecimiento, y la afirmación de que "la eficiencia lleva muchas veces a la inequidad, el sistema capitalista le da mayor ponderación a la felicidad de los ricos y las fallas de mercado conducen en ocasiones a que el lucro individual se consiga a cambio de lesionar a los demás".<br/>En suma, este libro es un "método para resolver los dilemas no resueltos del desarrollo económicos del América Latina y una plataforma para construir las estructuras requeridas para materializarlo". |
| 650 14 - SUBJECT ADDED ENTRY--TOPICAL TERM | |
| Topical term or geographic name entry element | Distribución del ingreso |
| 9 (RLIN) | 17007 |
| Geographic subdivision | Colombia |
| 650 24 - SUBJECT ADDED ENTRY--TOPICAL TERM | |
| Topical term or geographic name entry element | Estabilización económica |
| Geographic subdivision | Colombia |
| 9 (RLIN) | 7651 |
| 650 24 - SUBJECT ADDED ENTRY--TOPICAL TERM | |
| Topical term or geographic name entry element | Crecimiento económico |
| Geographic subdivision | Colombia |
| 9 (RLIN) | 7354 |
| 942 ## - ADDED ENTRY ELEMENTS (KOHA) | |
| Source of classification or shelving scheme | Dewey Decimal Classification |
| Koha item type | Books |
| Withdrawn status | Lost status | Source of classification or shelving scheme | Damaged status | Not for loan | Collection code | Home library | Current library | Date acquired | Source of acquisition | Full call number | Barcode | Date last seen | Copy number | Koha item type | Total Checkouts | Price effective from |
|---|---|---|---|---|---|---|---|---|---|---|---|---|---|---|---|---|
| Dewey Decimal Classification | Non-fiction | Biblioteca Pública José María del Castillo y Rada | Biblioteca Pública José María del Castillo y Rada | 04/15/2018 | Donación | 336.02 / S246n | 430006294 | 05/16/2024 | Ej.1 | Books | ||||||
| Dewey Decimal Classification | Non-fiction | Biblioteca Pública José María del Castillo y Rada | Biblioteca Pública José María del Castillo y Rada | 04/15/2018 | Donación | 336.02 / S246n | 430006295 | 05/16/2024 | Ej.2 | Books | 08/17/2021 |